Movies Quiz

Random Movies or Actor Quiz

Kevin Costner Sports Movies Quiz Stats

Quiz Updated Dec 3, 2014

Challenge
Share
Tweet
Embed
Score 0/6 Timer 01:00
2 Plays Today
Sport Movie % Correct
BaseballField of Dreams
92.6%
GolfTin Cup
88%
BaseballBull Durham
84.6%
BaseballFor Love of the Game
49.5%
FootballDraft Day
43.7%
CyclingAmerican Flyers
12.3%

You're not logged in!

Compare scores with friends on all Sporcle quizzes.
Join for Free
OR
Log In

You Might Also Like...

Show Comments

Extras

Top Quizzes Today


Score Distribution

Your Account Isn't Verified!

In order to create a playlist on Sporcle, you need to verify the email address you used during registration. Go to your Sporcle Settings to finish the process.

Report this User

Report this user for behavior that violates our Community Guidelines.

Details: